000 00465cam a22001577a 4500
008 180718b1978 xxu||||| |||| 00| 0 eng d
082 _aK5:129 As86a
100 _aAshton, D.
245 _aAuditing management: a development
_cby D. Ashton, E. Braiden and M. Easterby-Smith
260 _aBradford
_bMCB
_c1978
300 _ap.278-98
650 _aOrganisational change
650 _aTraining - Executives
700 _aEasterby-Smith, M.
700 _aBraiden , E.
999 _c339524
_d339524